Lazarillo de Tormes (Registro nro. 77456)

Detalles MARC
000 -ENCABEZADO
Número de control [NR] 00764nam a2200229Ia 4500
008 - DE LONGITUD FIJA DE DATOS DE ELEMENTOS - INFORMACIÓN GENERAL
Elementos de longitud fija [NR] 130821s1994 sp gr spa
020 ## - NUMERO INTERNACIONAL NORMALIZADO PARA LIBROS [R]
Número Internacional Normalizado del libro [NR] 958 04 6967 9
040 ## - FUENTE DE CATALOGACION [NR]
Agencia de catalogación original [NR] Co-BoUCM
Idioma de catalogación [NR] spa
041 00 - CODIGO DE IDIOMA [R]
Código de idioma para texto/pista de sonido o título separado [R] Español
245 10 - MENCION DE TITULO [NR]
Título [NR] Lazarillo de Tormes
Mención de responsabilidad, etc. [NR] Anónimo ; versión de Conrado González Mejía
250 ## - MENCION DE EDICION [NR]
Mención de edición [NR] 2a ed.
260 ## - PUBLICACION, DISTRIBUCION, ETC. (PIE DE IMPRENTA) [R]
Lugar de publicación, distribución, etc. [R] Barcelona (España)
Nombre del editor, distribuidor, etc. [R] Grupo Editorial Norma
Fecha de publicación, distribución, etc. [R] 1994
300 ## - DESCRIPCION FISICA [R]
Extensión [R] 69, 34 páginas
490 #0 - MENCION DE SERIE [R]
Mención de serie [R] Colección cara y cruz
501 ## - NOTA DE “CON” [R]
Nota de “Con” [NR] A propósito de la novela picaresca.
650 ## - ASIENTO SECUNDARIO DE MATERIA - TERMINO TEMATICO [R]
Término temático o nombre geográfico como elemento de entrada [NR] Literatura española
9 (RLIN) 7793
650 ## - ASIENTO SECUNDARIO DE MATERIA - TERMINO TEMATICO [R]
Término temático o nombre geográfico como elemento de entrada [NR] Literatura europea
9 (RLIN) 26524
650 ## - ASIENTO SECUNDARIO DE MATERIA - TERMINO TEMATICO [R]
Término temático o nombre geográfico como elemento de entrada [NR] Novela española
9 (RLIN) 20500
700 1# - ASIENTO SECUNDARIO - NOMBRE PERSONAL [R]
Nombre personal [NR] González Mejía, Conrado
Fechas asociadas con el nombre [NR] 1912-
9 (RLIN) 169714
942 ## - ELEMENTOS DE ENTRADA AGREGADOS (KOHA)
Tipo de ítem principal el descrito en 300a Libro
Tema principal Literatura
Edición 2
Parte restante de la signatura top. L431L
Sistema de clasificación DEWEY
Clasificación 863.3
Existencias
Fecha de último préstamo Total préstamos Total Renewals Signatura topográfica Código de barras Última vez visto Volúmen / Fascículo Ejemplar Price effective from Tipo de ítem Perdido Sistema de clasificación Dañado No prestable Tipo de ítem específico Suprimido Ubicación habitual Ubicación actual Localización Fecha de creación Forma de adquisición Costo
29/05/2018 6 4 863.3 L431L 100118617 09/12/2025 2a. Ed. Ej.1 03/02/2013 Libro   DEWEY     Libro   Claustro Claustro 2do piso 28/02/2013 Donación 26000.00